000 00648nam a2200193Ia 4500
999 _c20982
_d20982
082 _aTE.0010
100 _aEkambaram, B.
245 0 _aStudy of an experiment in creating an effective school climate
260 _c1980
_bSouth Gujarat University
300 _a367p. + C D -16
650 _aSCHOOL ENVIRONMENT///CLASSROOM ENVIRONMENT
650 _aEDUCATIONAL SOCIOLOGY///CLASSROOM ENVIRONMENT
650 _aCLASSROOM ENVIRONMENT
650 _aINTERACTION ANALYSIS IN EDUCATION
650 _aENVIRONMENT, CLASSROOM//CLASSROOM ENVIRONMENT
650 _aCLIMATE, CLASSROOM//CLASSROOM ENVIRONMENT
710 _aDesai, D.V.
942 _cTH
_2ddc